MDQL
is popping MORE tags! Check the
thread
!
Quizzes
Events
Quiz Creation
Community
Videos
Private Events
Remove Ads
Sign In
Join for FREE
Feedback
Dark Mode
Quiz Categories
Sports
Geography
Music
Movies
Television
Just For Fun
Miscellaneous
History
Literature
Language
Science
Gaming
Entertainment
Religion
Holiday
For Kids
Quiz Lab
Recent
Popular Today
Quiz Kudos Today
Editor Picks
Curator Picks
Quizzes by...
Day
Popularity
Type
Ratings
Length
Year
Community
Subscriptions
Recent Discussions
Orange Saloon
Badges
Playlists
Quests
Create
Leaderboards
Showdown
Live 5
Trivia Bingo
Activity
Puzzle Library
Sporcle Events
Private Events
Virtual Trivia
Globe League
Become a Host
Pub Owners
SporcleCon
Opinionation
Our Games
Videos
Blog
Mobile Apps
Partnerships
Remove Ads and Go Orange
Feedback
Miscellaneous
Crossword
General Knowledge
Baby Names
Logo
Food
Cars
Numbers
Grab Bag
University
College
Popular
Company
Slogans
Restaurants
Justice
Letter
Miscellaneous
Crossword
General Knowledge
Baby Names
Logo
Food
Cars
Numbers
Grab Bag
University
College
Popular
Company
Slogans
Restaurants
Justice
Letter
Random Quiz
Search Sporcle
×
Quiz Lab
Quiz Lab
Miscellaneous
Starting
Type in answers that appear in a list
Type in answers that appear in a list
Classic
Best Score? Go Orange.
Australian baby names starting with 'B' 1900-2011 Stats
Can you name the Australian baby names starting with 'B' 1900-2011?
By
VanessaE
15m
60 Questions
293 Plays
293 Plays
293 Plays
Comments
Comments
Give Quiz Kudos
Give Quiz Kudos
-
- Ratings
hide this ad
More Info
Replay
Link that replays current quiz
Next Quiz
Link to next quiz in quiz playlist
You Got
0%
They Got
Avg Score
63%
Avg Friend Score
Upgrade to see
Score Distribution
Jump to the score distribution portion of the page
Score
0/60
Timer
15:00
0
Plays Today
M/F
Name
% Correct
M
Ben
93.9%
M
Benjamin
92.8%
M
Brian
92.8%
F
Brenda
89.8%
M
Brad
89.1%
M
Bill
87.7%
M
Bradley
86%
F
Bella
85.7%
M
Billy
85.7%
F
Betty
84.6%
F
Beth
84.3%
M
Bryan
84%
M
Brandon
83.6%
F
Brianna
81.9%
M
Billie
80.2%
F
Bethany
78.5%
M
Brendan
78.5%
F
Barbara
78.2%
M
Bernard
73.4%
F
Bessie
73.4%
M
Barry
72.7%
M
Bailey
72%
F
Bonnie
71.7%
M
Bruce
71%
M
Bryce
68.3%
M
Brett
67.9%
F
Bertha
67.6%
M
Brent
67.6%
M
Blake
66.6%
F
Beatrice
66.2%
M/F
Name
% Correct
F
Belinda
65.2%
M
Brody
64.5%
F
Brittany
63.5%
F
Beverly
62.1%
M
Brayden
59.7%
F
Brooke
58.7%
M
Brady
58%
F
Bernadette
57%
M
Brendon
57%
F
Bridget
57%
F
Bernice
54.9%
M
Bertie
53.6%
M
Byron
51.5%
F
Breanna
50.5%
M
Brodie
50.2%
F
Bree
47.8%
F
Brittney
47.1%
M
Beau
46.4%
F
Beverley
46.1%
F
Bianca
44%
M
Brock
44%
M
Brenden
43.7%
F
Beryl
41.6%
F
Bronwyn
38.6%
F
Blanche
37.2%
M
Brenton
36.9%
M
Barrie
34.1%
M
Bertram
31.4%
F
Bronte
20.5%
M
Bilal
9.9%
Quiz Playlist
Details
Report
Send in Message
Add To Playlist
More Info:
Names appearing in top 1200 list for 1900-2011. Listed alphabetically.
Classic:
Type in answers that appear in a list
Quiz Source
Last Updated: Feb 16, 2017
Quiz Scoreboard
CHALLENGE
Sign Up to Join the Scoreboard
Show All
Scores
Hide
Comments
May contain spoilers
Recently Published
1-10 Letter E Words III
by El_Dandy
Language
2m
Street Fighter Characters
by Artimus82
Gaming
60s
College Basketball Coaching Resumes
by pancakes188
Sports
9m
More to Explore
Quiz From the Vault
Featured Blog Post
Where Did the Easter Bunny Come From?
hide this ad
You Might Also Like...
Tags
Australia
Baby
Starting
Today's Top Quizzes in Miscellaneous
Browse Miscellaneous
hide this ad
Today's Top Quizzes in Starting
Browse Starting
Top Contributed Quizzes in Miscellaneous
1
5-to-1: Fast Food
2
The JOE quick-fire general knowledge quiz: Day 174
3
The JOE quick-fire general knowledge quiz: Day 173
4
5-to-1: Cocktails
5
The JOE quick-fire general knowledge quiz: Day 172
6
9x9 Crossword: Disney Movie Titles
7
9x9 Crossword: Charlie and the Chocolate Factory
8
Sunday Crossword: Famous Bodies of Water
9
The JOE quick-fire general knowledge quiz: Day 171
10
9x9 Crossword: Flags
Explore More
Trending Topics
Anime
Harry Potter
Kpop
NBA
Crossword
Marvel
Disney
Song
NFL
Pokémon
Country
Puzzle
WWE
Soccer
The Office
hide this ad
More By:
VanessaE
Quiz
Plays
Rating
Category
Featured
Created
100 most common Australian surnames
2,678
4.50
Miscellaneous
Jul 3, 2010
Top 100 girl names South Australia 2009
922
4.33
Miscellaneous
Apr 10, 2010
Top 100 Baby Girl Names - NSW, Australia (1980s)
477
5.00
Miscellaneous
Feb 28, 2012
Top 100 NSW, Australia baby girl names (1990s)
477
4.00
Miscellaneous
Jan 23, 2012
Top 100 boy names South Australia 2009
466
3.50
Miscellaneous
Apr 10, 2010
Go to Creator's Profile
Score Distribution
Quiz Creator Spotlight
VanessaE
Follow
Send a Message
Quizzes Created
-
Created Quiz Play Count
-
More By This Creator
Popular Quizzes Today
1
Find the US States - No Outlines Minefield
2
Find the Countries of Europe - No Outlines Minefield
3
The Countries of the World
4
Find the US States
5
Risky Map Clicking: Biggest States A-Z
6
US States
7
Popular People in 1961
8
Movies - When Are They Set?
More Miscellaneous Quizzes
What Are They?
Published
Trending Quizzes
Risky Map Clicking: Least Populous States A-Z
Billboard Blitz: Aretha Franklin
Famous Russians: Author or Composer?
1-10 Letter G Words
Countries of the World: 200 Million BC
Recently Updated
Leaping Animals
pecheneg
Reality TV Shows (A-Z)
bhenderson79
Rickey Henderson's Hall of Fame Teammates
pecheneg
Champions League XIs: Arsenal
pecheneg
Quick Pick: Celebrities in WWE's Hall of Fame
aduchscher
A-Z Keypad Blitz II
pecheneg
Multiple Oscar Actors
pecheneg
Mystery Phrase Blitz: Oscar 'Best Actors'
pecheneg
F. Scott Fitzgerald Novels
LTH
Pick 3 Villains
ddd62291
Trending Topics
Anime
Crossword
Marvel
Kpop
NBA
Harry Potter
Disney
NFL
Pokémon
Song
WWE
Country
Soccer
The Office
Puzzle
Your Account Isn't Verified!
In order to create a playlist on Sporcle, you need to verify the email address you used during registration. Go to your
Sporcle Settings
to finish the process.
Report this User
Report this user for behavior that violates our
Community Guidelines
.
Details:
Send Report
Go to the Sporcle.com Mobile Site →
Comments